Rozvoj vidieckeho turizmu v Myjavskom regióne diplomová práca

Enregistré dans:
Détails bibliographiques
Auteur principal: Giertl, Martin
Collectivité auteur: Obchodná fakulta EU. Katedra služieb a cestovného ruchu - zrušené
Autres auteurs: Plesník, Pavol, 1956-
Format: Livre
Langue:slovaque
Publié: Bratislava 2013
Tags: Ajouter un tag
Pas de tags, Soyez le premier à ajouter un tag!

MARC

LEADER 00000nbm a2200000 4500
001 0169724
005 20161109102322.6
041 0 |a slo 
044 |a SK 
245 1 0 |a Rozvoj vidieckeho turizmu v Myjavskom regióne  |b diplomová práca  |c Martin Giertl ; školiteľ: Pavol Plesník 
264 1 |a Bratislava  |c 2013 
300 |a 62 s. 
100 1 |a Giertl, Martin 
700 1 |a Plesník, Pavol, 1956- 
710 2 |a Obchodná fakulta EU. Katedra služieb a cestovného ruchu - zrušené